Inteligentné siete v elektroenergetike /

Guardado en:
Detalles Bibliográficos
Autores principales: Liška, Martin, 1984- (Autor), Cintula, Boris, 1986- (Autor), Janiga, Peter, 1982- (Autor), Volčko, Vladimír, 1988- (Autor), Eleschová, Žaneta, 1974- (Autor), Beláň, Anton, 1970- (Autor)
Otros Autores: Braciník, Peter (Revisador), Szathmáry, Peter (Revisador)
Formato: Libro
Lenguaje:eslovaco
Publicado: Bratislava : Vydavateľstvo Spektrum STU, 2017
Edición:1. vyd.
Etiquetas: Agregar Etiqueta
Sin Etiquetas, Sea el primero en etiquetar este registro!

MARC

LEADER 00000nam a22000003a 4500
001 0031345
003 SK-STU
005 20230511095136.5
007 ta
008 180221s ----xo-----e------000-0-----d
020 |a 978-80-227-4617-5 
040 |a STU  |b slo 
041 0 |a slo 
080 |a 621.311 
100 1 |a Liška, Martin,  |d 1984-  |4 aut  |9 10  |X 12333  |7 A000012333 
242 0 1 |a Smart grids in electrical power engineering  |y eng 
245 1 0 |a Inteligentné siete v elektroenergetike /  |c aut. Martin Liška, Boris Cintula, Peter Janiga, Vladimír Volčko, Žaneta Eleschová, Anton Beláň ; rec. Peter Braciník, Peter Szathmáry 
250 |a 1. vyd. 
260 |a Bratislava :  |b Vydavateľstvo Spektrum STU,  |c 2017 
300 |a 135 s. 
700 1 |a Cintula, Boris,  |d 1986-  |u 032000  |r Z1  |4 aut  |9 35  |U FEI Fakulta elektrotechniky a informatiky  |T FEI Ústav elektroenergetiky a aplikovanej elektrotechniky  |X 35350  |U E020  |Y 548  |7 A000035350 
700 1 |a Janiga, Peter,  |d 1982-  |u 032000  |r Z1  |4 aut  |9 25  |U FEI Fakulta elektrotechniky a informatiky  |T FEI Ústav elektroenergetiky a aplikovanej elektrotechniky  |X 24468  |U E020  |Y 548  |7 A000024468 
700 1 |a Volčko, Vladimír,  |d 1988-  |4 aut  |9 10  |X 50701  |7 A000050701 
700 1 |a Eleschová, Žaneta,  |d 1974-  |u 032000  |r Z1  |4 aut  |9 10  |U FEI Fakulta elektrotechniky a informatiky  |T FEI Ústav elektroenergetiky a aplikovanej elektrotechniky  |X 1875  |U E020  |Y 548  |7 A000001875 
700 1 |a Beláň, Anton,  |d 1970-  |u 032000  |r Z1  |4 aut  |9 10  |U FEI Fakulta elektrotechniky a informatiky  |T FEI Ústav elektroenergetiky a aplikovanej elektrotechniky  |X 2032  |U E020  |Y 548  |7 A000002032 
700 1 |a Braciník, Peter  |4 rev 
700 1 |a Szathmáry, Peter  |4 rev 
996 |b 284EK89940  |c E* 89940  |l EE32  |s P  |a 0  |w 0031345_0001 
996 |b 284EK89944  |c E* 89944  |l EE01  |s A  |a 24  |w 0031345_0002 
996 |b 284EK90901  |c E* 90901  |l EE0101  |s P  |a 0  |w 0031345_0003